India in the Commonwealth: (a political and conhstitutional survey) (Record no. 371004)

000 -LEADER
fixed length control field 00445cam a22001457a 4500
008 - FIXED-LENGTH DATA ELEMENTS--GENERAL INFORMATION
fixed length control field 180718b1958 xxu||||| |||| 00| 0 eng d
082 ## - DEWEY DECIMAL CLASSIFICATION NUMBER
Classification number C0x42 K113
100 ## - MAIN ENTRY--PERSONAL NAME
Personal name Kachroo, J.L.
245 ## - TITLE STATEMENT
Title India in the Commonwealth: (a political and conhstitutional survey)
Statement of responsibility, etc. by J.L. Kachroo
260 ## - PUBLICATION, DISTRIBUTION, ETC.
Place of publication, distribution, etc. Delhi
Name of publisher, distributor, etc. Asia Bk. Centre
Date of publication, distribution, etc. 1958
300 ## - PHYSICAL DESCRIPTION
Extent 70p.
500 ## - GENERAL NOTE
General note Rs.3.00
650 ## - SUBJECT ADDED ENTRY--TOPICAL TERM
Topical term or geographic name entry element Constitutional history --India.
650 ## - SUBJECT ADDED ENTRY--TOPICAL TERM
Topical term or geographic name entry element Commonwealth of Nations
Holdings
Withdrawn status Lost status Damaged status Not for loan Permanent Location Current Location Date acquired Full call number Barcode Date last seen Price effective from Koha item type
        Indian Institute of Public Administration Indian Institute of Public Administration 1994-06-08 C0x42 K113 15588 2018-07-21 2018-07-21 Book

Powered by Koha